书目信息 |
| 题名: |
体育竞赛规则
|
|
| 作者: | ;广州体育学院编辑部 | |
| 分册: | 上册 1987 | |
| 出版信息: | 广州 广州体育学院编辑部 1987.07 |
|
| 页数: | 230页 | |
| 开本: | 19cm | |
| 丛书名: | ||
| 单 册: | ||
| 中图分类: | G811.31 | |
| 科图分类: | ||
| 主题词: | 体育事业--世界 | |
| 电子资源: | ||
| ISBN: | ||
| 000 | 00641nam0 2200205 45 | |
| 001 | 0405081028 | |
| 005 | 20040508102701.8 | |
| 010 | @dCNY2.50 | |
| 100 | @a20040508d1987 km y0chiy0120 ea | |
| 101 | 0 | @achi |
| 105 | @a z 000yy | |
| 200 | 1 | @a体育竞赛规则@i1987@h上册@ATi Yu Jing Sai Gui Ze@f广州体育学院编辑部编@FGuang Zhou Ti Yu Xue Yuan Bian Ji Bu Bian |
| 210 | @a广州@c广州体育学院编辑部@d1987.07 | |
| 215 | @a230页@d19cm | |
| 517 | @a1987 | |
| 606 | 0 | @a体育事业@x世界 |
| 690 | @aG811.31@v3 | |
| 711 | 02 | @a广州体育学院编辑部@AGuang Zhou Ti Yu Xue Yuan Bian Ji Bu |
| 801 | @aCN@bTSTCL@c20040508 | |
| 905 | @dG811.31@e16:1@f1@b232676 | |
| 体育竞赛规则.1987.上册/广州体育学院编辑部编.-广州:广州体育学院编辑部,1987.07 |
| 230页;19cm |
| ISBN :CNY2.50 |
| ● |
| 相关链接 |
|
|
|
|
正题名:体育竞赛规则
索取号:G811.31/16:1
 
预约/预借
| 序号 | 登录号 | 条形码 | 馆藏地/架位号 | 状态 | 备注 |
| 1 | 0232676 | 000298939 | 密集书库/ [索取号:G811.31/16:1] | 在馆 | |
| 2 | 0232677 | 000298957 | 第一样本阅览室/ [索取号:G811.31/16:1] | 在馆 |